000 01009nam a22003257a 4500
003 CHAP
005 20220329133037.0
008 971013s1919 r 00010 d
010 _a1553
011 _a2525
035 _a1720
040 _cCHAP
082 _a628.1
_bI58
110 _aInternational Water Power & Dam Construction
_960089
245 _aHandbook 19-19
260 _aSutton, Surrey :
_bIWPDC,
_c19-- 19 .
300 _av.
_b: ilus
500 _aD42-76
500 _aLa biblioteca tiene: 1988, 1990
590 _aBATCH-UPD
_b10
_c20130110
_lUCH01
_h1421
590 _aBATCH-UPD
_b10
_c20130410
_lUCH01
_h0903
590 _aBATCH-UPD
_b10
_c20130914
_lUCH01
_h1640
590 _aCONVERSION
_b10
_c20130109
_lUCH01
_h1302
650 1 4 _aIngenierĂ­a hidrĂ¡ulica.
_958235
650 1 4 _aPresas.
_991480
901 _aBK
942 _cLIBRO
949 _a628.1 I58
_bBC
_cLIBRO
_d33724000498820
_eLIBRO
_f1990
_h77061
_i1720
_si
949 _a628.1 I58
_bBC
_cLIBRO
_d33724000498960
_eLIBRO
_f1988
_h79215
_i1720
_si
999 _c1553
_d1553